| 000 | 02361nam a2200241 a 4500 | ||
|---|---|---|---|
| 001 | 000026735 | ||
| 005 | 20250429110432.0 | ||
| 008 | 110222s2000 dr abc 000 0 spa d | ||
| 040 |
_aDO-SdBNP _bspa _cBNPHU |
||
| 082 |
_a901.9 _bC719h |
||
| 100 | 1 |
_aColón, Juan _d1962- _9863 |
|
| 245 | 1 | 0 |
_aHistoria de las civilizaciones / _cJuan Colón; colaboración Luisa Navarro. |
| 250 | _a8va ed. | ||
| 260 |
_aSanto Domingo : _bEditorial Educando _fAlfa y Omega _c2000. |
||
| 300 |
_a[157 p.] : _bil., maps. retr. ; _c29 cm. |
||
| 500 | _aIncluye datos biográficos del autor en la contraportada | ||
| 505 | 2 | _aPrólogo -- Metodología general de las ciencias sociales -- Historia de las civilizaciones -- Egipto -- Mesopotamia (hoy Irak) -- Persia o Irán-- Fenicia -- Los Hebreos -- La India -- China -- Grecia -- Esparta y Atenas -- Roma -- El critianismo -- La edad Media -- Arabia -- El feudalismo -- El Imperio Carolingio -- El imperio Bizantino -- Las cruzadas -- Grandes cambios de fines de la edad media -- El renacimiento -- Los grandes inventos, los escubrimientos geográficos -- Transformación político social de Europa en la edad moderna. La monarqueía absoluta y la burguesía , economía y comercio-- La reforma religiosa -- La conquista de América y la preponderancia española en el siglo xvi -- La revolución inglesa -- La ilustración y la nuevas ideas políticas, económicas y sociales. El enciclopedismo. El despotismo ilustrados. Difusión en América | |
| 505 | 2 | _aLa independecia de los Estados Unidos de América -- La época contemporánea -- La revolución francesa. Causas -- Absolutismo y liberalismo en Europa -- La revolución industrial. Consecuencias sociales, económicas y políticas -- El arte de los siglos xvii, y xix, barroco, rococó, neoclacismo y romanticismo, realismo e impresionalismo -- La primera guerra mundial. Antecedentes y causas del conflixto -- El Fascismo y el Nazismo -- La segunda guerra mundial -- La liberación de los pueblos de Asia, Áfricay Oceanía y nacimiento de nuevos países -- La cultura, las ciencias y el avance tecnológico. Desarrollo de las comunicaciones y conquista del espacio -- Caída del Bloque Soviético -- La guerra del golfo pércico | |
| 650 | 4 |
_aCivilización _xHistoria _94894 |
|
| 650 | 0 |
_aHistoria universal _9933 |
|
| 700 | 1 |
_aNavarro, Luisa _911168 |
|
| 049 | _aBNPD | ||
| 999 |
_c26227 _d26227 |
||